Auditing theory / (Record no. 22808)
[ view plain ]
| 000 -LEADER | |
|---|---|
| fixed length control field | 01133cam a2200301 i 4500 |
| 001 - CONTROL NUMBER | |
| control field | 18485465 |
| 005 - DATE AND TIME OF LATEST TRANSACTION | |
| control field | 20201128023932.0 |
| 008 - FIXED-LENGTH DATA ELEMENTS--GENERAL INFORMATION | |
| fixed length control field | 150209s2015 nyu frb 001 0 eng d |
| 010 ## - LIBRARY OF CONGRESS CONTROL NUMBER | |
| LC control number | 2015003256 |
| 020 ## - INTERNATIONAL STANDARD BOOK NUMBER | |
| International Standard Book Number | 9781138792012 (hardback : alk. paper) |
| 020 ## - INTERNATIONAL STANDARD BOOK NUMBER | |
| International Standard Book Number | 1138792012 (hardback : alk. paper) |
| 040 ## - CATALOGING SOURCE | |
| Original cataloging agency | DLC |
| Language of cataloging | eng |
| Transcribing agency | DLC |
| Modifying agency | EG-ScBUE |
| 042 ## - AUTHENTICATION CODE | |
| Authentication code | pcc |
| 082 04 - DEWEY DECIMAL CLASSIFICATION NUMBER | |
| Edition number | 22 |
| Classification number | 657.4501 |
| Item number | DEN |
| 100 1# - MAIN ENTRY--PERSONAL NAME | |
| Personal name | Dennis, Ian. |
| 9 (RLIN) | 41599 |
| 245 10 - TITLE STATEMENT | |
| Title | Auditing theory / |
| Statement of responsibility, etc | Ian Dennis. |
| 260 ## - PUBLICATION, DISTRIBUTION, ETC. (IMPRINT) | |
| Place of publication, distribution, etc | New York ; |
| -- | Oxford : |
| Name of publisher, distributor, etc | Routledge / Taylor & Francis Group, |
| Date of publication, distribution, etc | 2015. |
| 300 ## - PHYSICAL DESCRIPTION | |
| Extent | 158 p. ; |
| Dimensions | 24 cm. |
| 490 #0 - Series Statement | |
| Series statement | Routledge studies in accounting ; |
| Volume/sequential designation | 17 |
| 500 ## - GENERAL NOTE | |
| General note | Index : p. 155-158. |
| 504 ## - BIBLIOGRAPHY, ETC. NOTE | |
| Bibliography, etc | Includes bibliographical references. |
| 505 ## - FORMATTED CONTENTS NOTE | |
| Formatted contents note | 1. The nature of auditing theory and of conceptual frameworks in auditing -- 2. The objectives of auditing -- 3. The audit opinion --<br/>4. Audit evidence -- 5. Materiality -- 6. Professional judgement in auditing -- 7. Conclusions. |
| 590 ## - LOCAL NOTE (RLIN) | |
| Local note | Wessam |
| 650 #7 - SUBJECT ADDED ENTRY--TOPICAL TERM | |
| Topical term or geographic name as entry element | Auditing. |
| Source of heading or term | BUEsh |
| 9 (RLIN) | 1182 |
| 651 ## - SUBJECT ADDED ENTRY--GEOGRAPHIC NAME | |
| Source of heading or term | BUEsh |
| 653 ## - INDEX TERM--UNCONTROLLED | |
| Resource For college | BAEPS, Business Administration |
| Arrived date list | October2016 |
| 942 ## - ADDED ENTRY ELEMENTS (KOHA) | |
| Source of classification or shelving scheme | Dewey Decimal Classification |
| Edition | 22 |
| Call number prefix | 657.4501 DEN |
| Withdrawn status | Item status | Source of classification or shelving scheme | Damaged status | Not for loan | Vendor | Home library | Current library | Shelving location | Date acquired | Source of acquisition | Cost, normal purchase price | Serial Enumeration / chronology | Total Checkouts | Full call number | Barcode | Date last seen | Cost, replacement price | Koha item type |
|---|---|---|---|---|---|---|---|---|---|---|---|---|---|---|---|---|---|---|
| Dewey Decimal Classification | Baccah | Central Library | Central Library | First floor | 24/10/2016 | Purchase | 1425.00 | 25846 | 657.4501 DEN | 000033959 | 15/07/2025 | 1781.25 | Book - Borrowing |